|
|
|
|
| LEADER |
01026nam a2200337 4500 |
| 001 |
DLU090093748 |
| 005 |
##20091201 |
| 040 |
# |
# |
|a DLU
|b eng
|
| 041 |
# |
# |
|a eng
|
| 044 |
# |
# |
|a us
|
| 245 |
# |
# |
|a Partition-controlled delivery of toxicants : A novel in vivo approach for embryo toxicity testing /
|c Yiannis Kiparissis ... [et al.].
|
| 653 |
# |
# |
|a Continuous flow method
|
| 653 |
# |
# |
|a Embryo
|
| 653 |
# |
# |
|a Freshwater environment
|
| 653 |
# |
# |
|a Oryzias latipes
|
| 653 |
# |
# |
|a Pollutants
|
| 653 |
# |
# |
|a Toxicity
|
| 700 |
# |
# |
|a Akhtar, Parveen.
|
| 700 |
# |
# |
|a Brown, R. Stephen.
|
| 700 |
# |
# |
|a Hodson, Peter V.
|
| 700 |
# |
# |
|a Kiparissis, Yiannis.
|
| 773 |
# |
# |
|t Environmental Science & Technology
|g Vol. 37, no. 10 (May 2003), p. 2262-2266
|
| 920 |
# |
# |
|a Phòng Tạp chí -- Trung tâm Thông tin - Thư viện Trường Đại học Đà Lạt
|
| 994 |
# |
# |
|a DLU
|
| 900 |
# |
# |
|a True
|
| 911 |
# |
# |
|a Trương Bảo Trâm Anh
|
| 925 |
# |
# |
|a G
|
| 926 |
# |
# |
|a A
|
| 927 |
# |
# |
|a BB
|
| 980 |
# |
# |
|a Thư viện Trường Đại học Đà Lạt
|